03193nam a2200289 a 4500001001000000005001700010008004100027041000800068044000700076084002000083100004500103245009500148260004000243300004000283500030900323500008700632500178000719500005002499500001002549650005202559650005602611650003402667650004502701700005402746700005302800740005002853BRCA_263820190320203912.0011208s1883----sp-a---###---#000-0#spa-u aspa asp a193b.M67c18831 aCervantes Saavedra, Miguel ded1547-161610aEl Ingenioso Hidalgo Don Quijote de la Manchaccompuesto por Miguel de Cervantes Saavedra. aBarcelonabMontaner y Simónc1883 a2 v.bil. (algunas a color)c39 cm. aContenido : v 1. Primera parte. Retrato de Cervantes. Vida de Cervantes por Nicolás Díaz de Benjumea. Dedicatoria del autor. Prólogo del autor. Versos preliminares. Notas sobre el sentido espiritual del Quijote. Texto. -- v 2. Segunda parte. Dedicatoria del autor. Prólogo del autor. Notas. Texto aEdición : Anotada por Nicolás Díaz de Bejumea e ilustrada por Ricardo Balaca aMagnífica edición monumental que constituye un verdadero orgullo del arte gráfico catalán, debido al indiscutible mérito de los dos artistas, Balaca y Pellicer, que tan concienzudamente supieron ilustrarla con sus dibujos, así como al retrato de Cervantes, primorosamente grabado por B. Maura. Lástima que la parte literaria de esta suntuosa edición no esté a la altura y nivel de su soberbia impresión, ya que los editores tuvieron el desacierto de tomar por modelo el texto tan adulterado y viciado de la edición arreglada por E. Hartzenbusch, al cual sigue paso a paso, salvo en contadas y ligeras variantes. En cambio, acertaron en restituir el escudo de la edición príncipe, como también en encargar las notas y la biografía de Cervantes al célebre patriarca de los esoteristas, agudo y perspicaz cervantista, Nicolás Díaz de Bejumena, quién a pesar de muchos desvaríos y fantasías en torno al sentido esotérico de la obra, aportó mucho al esclarecimineto de la realidad histórica de la época cervantina y llamó poderosamente la atención de la crítica objetiva a los profundos problemas de la filosofía de la vida y las sátiras que pululan en la novela. Asimismo la biografía de Cervantes, escrita por el mismo comentador, está llena de penetrantes ideas nuevas sobre la vida ejemplar y heróica del Manco de Lepanto, sus desdichas y sufrimientos. Díaz de Bejumea fue, además, un vigoroso y ágil polemista contra la absurda tesis conservadora, según la cual el Quijote no sería más que una pobre burla de los libros de caballería, tesis aún hoy tenazmente defendida por los críticos conservadores. Bellamente encuadernada y profusamente decorada con adornos multicolores Lúdovik Osterc aEstado físico : Ecuadernación desprendida aQM18314aNovela españolayÉpoca clásica, 1500-170014aLiteratura españolayÉpoca clásica, 1500-170014aNovela españolaySiglo XVII14aDon Quijote (Personaje ficticio)eNovela1 aDíaz de Bejumea, Nicolásd1820-1884eAnotador1 aBalaca y Canseco, Ricardod1844-1880eIlustrador0 aEl Ingenioso Hidalgo Don Quijote de la Mancha